| 000 | 00742nam a2200277Ia 4500 | ||
|---|---|---|---|
| 005 | 20250425161837.0 | ||
| 008 | 250425s9999 xx 000 0 und d | ||
| 020 | _a8423406695 | ||
| 041 | _aspa | ||
| 043 | _asp | ||
| 082 | _a657.044 | ||
| 100 | _aNORKETT, P.T.C | ||
| 245 | 0 | _aPREGUNTAS Y RESPUESTAS SOBRE CONTABILIDAD | |
| 250 | _aS.E. | ||
| 260 | _aBILBAO | ||
| 260 |
_aEspaña _bEDICIONES DEUSTO, S.A. _c1987 |
||
| 300 | _a182 | ||
| 500 | _aTítulo Traducido: QUESTIONS AND ANSWERS, ACCOUNTANCY | ||
| 650 | _aCONTABILIDAD FINANCIERA | ||
| 650 | _aCONTABILIDAD INTERMEDIA | ||
| 650 | _aCONTABILIDAD-PROCESAMIENTO | ||
| 700 |
_aDIORKI _etraductor |
||
| 710 | _aEDICIONES DEUSTO S.A. | ||
| 942 | _c01 | ||
| 010 | _a32116 | ||
| 999 |
_c217287 _d217287 |
||